1870 1790 1093 1587 1610 1050 1315 1027 1933 1539 1807 1307 1204 1936 1599 1425 1457 1046 1010 1130 1144 1998 1345 1957 1127 1765 1460 1249 1975 1684 1545 1040 1324 1554 1719 1955 1866 1323 1979 1488 1776 1040 1325 1900 1474 1872 1693 1022 1999 1352 1261 1581 1259 1338 1183 1344 1079 1194 1674 1704 1677 1167 1487 1385 1766 1203 1043 1153 1688 1541 1317 1830 1269 1802 1117 1090 1080 1162 1446 1053 1285 1238 1040 1633 1883 1599 1058 1597 1452 1270 1904 1363 1618 1552 1073 1276 1863 1688 1906 BCNSPRNW ULIB Ver.6.0+V

เปลี่ยนเป็นภาษาไทย

Change to English
 แสดงรายละเอียดบรรณานุกรม
  กลับหน้าหลัก

Brief Record : Get Marc (ISO 2709) : E-mail record : QR code < ปิดหน้าต่าง
LEADER : 00000nam 2200000uu 4500
001    13399111084
003     ULIB
008    110616s||||||||th 000 0 tha d
020    9744720468
050  4 BF449^bฮ649ช 2543
100 1  เฮย์, ลูอิส แอล
245 10 ชีวิตนี้ลิขิตได้ /^cลูอิส แอล เฮย์ ; แปลโดย ธีรกร กิตติโสภากูร
246 13 You can heal your life
250    พิมพ์ครั้งที่ 2
260    กรุงเทพฯ :^bนานมีบุ๊คส์,^c2543
300    363 หน้า ;^c21 ซม.
500    แปลจาก You can heal your life
650  7 การพัฒนาตนเอง
650  7 การดำเนินชีวิต
650  7 จิตวิทยาประยุกต์
650  7 ความสุข
700 0  ธีรกร กิตติโสภากูร,^eผู้แปล
710 2  นานมีบุ๊คส์
945    ^p188^l0^i013083
995    ทศพร
999 ^a ใช้งานได้ทุกระบบ
รายการนี้ยังไม่มีแท็ก
คุณยังไม่ได้ล็อกอิน คุณสามารถมีกิจกรรมร่วมกับเว็บไซต์ได้ แต่ต้องล็อกอินก่อน ::
  ล็อกอิน

รายการสื่อสารสนเทศ

ลำดับที่ ประเภท เลขเรียก/บาร์โค้ด สถานที่ สถานะ
- ไม่พบข้อมูล -

รายการใกล้เคียง
    หัวเรื่อง [การพัฒนาตนเอง]
    หัวเรื่อง [การดำเนินชีวิต]
    หัวเรื่อง [จิตวิทยาประยุกต์]
    หัวเรื่อง [ความสุข]

BibComment


ยังไม่เคยถูกคอมเมนท์

คอมเมนท์ทรัพยากรรายการนี้
  คอมเมนท์: ชีวิตนี้ลิขิตได้ ..


 Copyright 2026. Bcnsprnw @Library